Score 0/15 Timer 02:30
1 Play Today
Question Answer Wrong Answers
Which country contains the Petronas Towers? Malaysia
84.7%
Philippines
3.5%
Indonesia
6.9%
Which country has the highest Christian population? Philippines
83.1%
Malaysia
6.4%
Indonesia
5.7%
Which country has no mainland borders with other countries? Philippines
80.6%
Malaysia
4.3%
Indonesia
10.3%
Which country is the most populous of the three? Indonesia
73.8%
Malaysia
6.4%
Philippines
15%
Which country occupies the western half of the island of New Guinea? Indonesia
73.7%
Malaysia
13.6%
Philippines
7.9%
Which country contains the island of Mindanao? Philippines
72.4%
Malaysia
7.4%
Indonesia
15.2%
Which country gained independence from the United Kingdom in 1957? Malaysia
71.4%
Philippines
12.2%
Indonesia
11.6%
In which country was Ferdinand Magellan killed during the Battle of Mactan? Philippines
70.3%
Malaysia
11.7%
Indonesia
13%
Which country was part of the Dutch Empire until its independence in 1945? Indonesia
69.6%
Malaysia
14.1%
Philippines
11.2%
Which country was ruled for 30 years by Suharto? Indonesia
66.2%
Malaysia
14.7%
Philippines
14.2%
Which country borders Brunei? Malaysia
65.1%
Philippines
4.2%
Indonesia
25.7%
Which country's currency is the Ringgit? Malaysia
64.7%
Philippines
9.4%
Indonesia
20.8%
Which of these countries is the only one to drive on the right side of the road? Philippines
60%
Malaysia
22.1%
Indonesia
12.9%
In which country would you find the city of Bandung? Indonesia
57%
Malaysia
24.7%
Philippines
13.6%
Which country's capital is located on the Indochinese Peninsula? Malaysia
56.3%
Philippines
7.9%
Indonesia
31.2%

Today's Daily Dose

Word Ladder
Athletics

Remove Ads.
Support Sporcle.
Get the best of Sporcle when you Go Orange. This ad-free experience offers more features, more stats, and more fun while also helping to support Sporcle. Thank you for becoming a member.

You're not logged in!

Compare scores with friends on all Sporcle quizzes.
OR
Log In

Show Comments

Extras

Top Quizzes Today


Score Distribution

Your Account Isn't Verified!

In order to create a playlist on Sporcle, you need to verify the email address you used during registration. Go to your Sporcle Settings to finish the process.

Report this User

Report this user for behavior that violates our Community Guidelines.

Details: